Vplyv legislatívnych zmien na vývoj počtu podnikov v Slovenskej republike

Konkurencieschopnosť slovenských podnikov je určovaná predovšetkým prostredím, v ktorom vyvíjajú svoje aktivity. Zmeny v podnikateľskom prostredí odvíjajúce sa od zmien predovšetkým v legislatívnej oblasti sa s určitým časovým odstupom premietajú aj do kvantitatívnych ukazovateľov podnikateľských su...

ver descrição completa

Na minha lista:
Detalhes bibliográficos
Autor principal: Kmeťová, Oľga, 1959-
Formato: Capítulo de Livro
Idioma:eslovaco
Assuntos:
Tags: Adicionar Tag
Sem tags, seja o primeiro a adicionar uma tag!

MARC

LEADER 00000naa$a2200000$$$4500
001 0260147
005 20240502074120.5
041 0 |a slo 
044 |a SK 
245 1 0 |a Vplyv legislatívnych zmien na vývoj počtu podnikov v Slovenskej republike  |c Oľga Kmeťová 
520 |a Konkurencieschopnosť slovenských podnikov je určovaná predovšetkým prostredím, v ktorom vyvíjajú svoje aktivity. Zmeny v podnikateľskom prostredí odvíjajúce sa od zmien predovšetkým v legislatívnej oblasti sa s určitým časovým odstupom premietajú aj do kvantitatívnych ukazovateľov podnikateľských subjektov. Náčrt zhodnotenia stavu podnikateľských subjektov na základe štatistických informácií v kontexte jeho vývoja za posledných niekoľko rokov. 
610 2 0 |a podnik 
610 2 0 |a spoločnosti obchodné 
100 1 |a Kmeťová, Oľga, 1959-